| 000 | 01168nam a2200289 a 4500 | ||
|---|---|---|---|
| 001 | BRCA_788 | ||
| 005 | 20190320203142.0 | ||
| 008 | 830111s1980 be-a---##b---#000-0#fre-# | ||
| 040 |
_aDLC _cDLC _dDLC |
||
| 041 | _afreeng | ||
| 044 | _abe | ||
| 050 | 4 |
_aNA7366.H6 _b.O57 1980 |
|
| 100 | 1 |
_aOostens-Wittamer, Yolande _92619 |
|
| 245 | 1 | 0 |
_aVictor Horta _bL´Hôtel Solvay = The Solvay House _cby Yolande Oostens-Wittamer ; préface par Raymond Lemaire ; translation by John A. Gray. |
| 260 |
_aBruselas _bLouvain-La-Neuve : Institut Supérieur D´Archéologie et D´Histoire de L´Art : Collège Érasme _c1980 |
||
| 300 |
_a2 v. _bil. (algunas a color) _c32 cm. |
||
| 504 | _aBibliografía : p. 305 (v.1) | ||
| 505 | 0 | _aContenido : v.1. Texto. -- v.2. Reproductions of architectural drawings by Victor Horta | |
| 546 | _aTexto en : francés e inglés | ||
| 600 | 1 | 4 |
_aHorta, Victor _cBaron _d1861-1947 _92620 |
| 650 | 1 | 4 |
_aArt Nouveau _ySiglo XIX _zBélgica _92621 |
| 651 | 4 |
_aBruselas, Bélgica _xEdificios, estructuras, etc. _ySiglo XIX _92622 |
|
| 700 | 1 |
_aLemaire, Raymond _92623 |
|
| 700 | 1 |
_aGray, John A. _92624 |
|
| 740 | 0 | _aThe Solvay House | |
| 942 |
_2lcc _cB |
||
| 999 |
_c684 _d684 |
||